| 000 | 00494 a2200169 4500 | ||
|---|---|---|---|
| 003 | OSt | ||
| 005 | 20180116192341.0 | ||
| 008 | 120524t xxu||||| |||| 00| 0 eng d | ||
| 040 | _c0 | ||
| 082 | _a720 | ||
| 245 | _aFaculty of architecture information package. | ||
| 260 |
_aIstanbul : _bMSFAU. _c2008, |
||
| 300 |
_a175p .: _c18cm, |
||
| 650 | 0 |
_aArchitecture _xInformation services. _92103 |
|
| 942 |
_aSADA _cBK _k720 FAC 2008 _2ddc |
||
| 999 |
_c352654 _d352654 |
||